000 01064pam a2200337 a 4500
001 1932872
003 SISC
005 20160406092211.0
008 860429s1986 nyuaf 000 0beng
010 _a 86011479
020 _a9780006372349
040 _aDLC
_cDLC
_dDLC
043 _aa-ja---
050 0 0 _aHD 9696.A3
_b.M862 1987
082 0 0 _aHS 658.8
_bM82 1987
100 1 _aMorita, Akio,
_d1921-1999.
_914401
245 1 0 _aMade in Japan :
_bAkio Morita and Sony /
_cAkio Morita with Edwin M. Reingold and Mitsuko Shimomura.
250 _a1st ed.
260 _aNew York :
_bDutton,
_cc1987.
300 _a309 p. :
_bill. ;
_c18 cm.
526 _c
600 1 0 _aMorita, Akio,
_d1921-
_914402
610 2 0 _aSonī Kabushiki Kaisha
_xHistory.
_914403
650 0 _aIndustrialists
_zJapan
_xBiography.
_914404
650 0 _aElectronic industries
_zJapan
_xHistory.
_914405
700 1 _aReingold, Edwin M.
_914406
700 1 _aShimomura, Mitsuko,
_d1938-
_914407
906 _a7
_bcbc
_corignew
_d1
_eocip
_f19
_gy-gencatlg
942 _2lcc
_cBK
999 _c9625
_d9625